CENTROAMERICA/

-д хадгалсан:
Номзүйн дэлгэрэнгүй
Бусад зохиолчид: Collado Herrera, María del Carmen (autor) (autor)
Формат: Ном
Нөхцлүүд:
Шошгууд: Шошго нэмэх
Шошго байхгүй, Энэхүү баримтыг шошголох эхний хүн болох!

MARC

LEADER 00000nam^a2200000^a^4500
001 000224181
005 20250521000000.0
009 20260310104041.166
020 |a 968-6173-64-1 
035 |a 042581 
037 |a Acervo Xavier Clavigero 
082 |a 972. 8  |b CEN V. 
245 1 0 |a CENTROAMERICA/  |c CARMEN COLLADO ...[ ET. AL.] 
264 |a MEXICO :  |b SEP, PROGRAMA CULTURA DE LAS FRONTERAS,  |c 1988 
300 |a V.- 2ej. 
336 |a texto  |b txt  |2 rdacontenido 
337 |a sin mediación  |b n  |2 rdamedio 
338 |a volumen  |b nc  |2 rdasoporte 
649 |a XX 
650 |a América Central -  |x Historia 
700 |a Collado Herrera, María del Carmen  |e (autor) 
910 |a Fondo General 
920 |a Impresos - Libros 
930 |a Colección General 
905 |a 101 
901 |a 042581  |b IT1  |c ACC  |i 042581  |u 20250521 
901 |a 042580  |b IT1  |c ACC  |i 042580  |u 20250521 
902 |a https://opac.biblio.iteso.mx/vufind/Record/000224181